Sports Quiz

Random Sports Quiz

Mexican Teams Quiz Stats

 Plays Quiz not verified by Sporcle

Challenge
Share
Tweet
Embed
Score 0/18 Timer 10:00
0 Plays Today
% Correct
America
92.3%
Guadalajara
82.1%
Pumas
76.9%
Cruz Azul
71.8%
Atlas
71.8%
Toluca
66.7%
Monterrey
66.7%
Santos
66.7%
Tigres
66.7%
% Correct
Atlante
61.5%
Pachuca
61.5%
Queretaro
59%
Puebla
56.4%
Necaxa
53.8%
Jaguares
51.3%
San Luis
48.7%
Monarcas Morelia
25.6%
Estudiantes Tecos
23.1%

You're not logged in!

Compare scores with friends on all Sporcle quizzes.
Join for Free
OR
Log In

You Might Also Like...

Show Comments

Extras

Created Sep 22, 2010ReportFavoriteNominate
Tags:mexican, team

Top Quizzes Today


Score Distribution

Your Account Isn't Verified!

In order to create a playlist on Sporcle, you need to verify the email address you used during registration. Go to your Sporcle Settings to finish the process.

Report this User

Report this user for behavior that violates our Community Guidelines.

Details: